|
|
|
|
| LEADER |
00000nam0a2200000 4500 |
| 001 |
257181 |
| 005 |
20231031215803.0 |
| 035 |
|
|
|a (RuTPU)RU\TPU\book\279955
|
| 090 |
|
|
|a 257181
|
| 100 |
|
|
|a 20140415d1987 km y0rusy50 ca
|
| 101 |
0 |
|
|a rus
|
| 102 |
|
|
|a RU
|
| 105 |
|
|
|a c z 001zd
|
| 200 |
1 |
|
|a И нет счастливее судьбы (В. И. Ленин и социалистические преобразования в Татарии)
|f М. А. Сайдашева
|
| 210 |
|
|
|a Казань
|c Татарское кн. изд-во
|d 1987
|
| 215 |
|
|
|a 254 с.
|c портр.
|
| 225 |
1 |
|
|a Лениниана Советской Татарии
|
| 333 |
|
|
|a Исключено из фонда НТБ ТПУ
|
| 700 |
|
1 |
|a Сайдашева
|b М. А.
|
| 801 |
|
1 |
|a RU
|b 63413507
|c 20140415
|
| 801 |
|
2 |
|a RU
|b 63413507
|c 20220309
|g RCR
|
| 942 |
|
|
|c BK
|